| 000 | 00760nam a2200193Ia 4500 | ||
|---|---|---|---|
| 003 | GCL | ||
| 008 | 140319s9999 xx 000 0 ara d | ||
| 040 |
_aGCL / _cGCL |
||
| 082 | 0 | 4 |
_aق _b722.2 _bش ا |
| 100 | 1 | _aشادية الدسوقى عبد العزيز | |
| 245 | 1 | 0 |
_aالاخشاب فى العمائر الدينية بالقاهرة العثمانية / _cشادية الدسوقى عبد العزيز |
| 260 |
_aالقاهرة : _bمكتبة زهراء الشرق ، _c2003 |
||
| 300 |
_a350 ص ؛ _c24 سم |
||
| 650 | 0 | 4 | _aالزخرفة بالخشب |
| 650 | 0 | 4 | _aالزخرفة المعمارية |
| 650 | 0 | 4 | _aالقاهرة - اثار مصرية قديمة |
| 650 | 0 | 4 | _aالعمارة الاسلامية - القاهرة |
| 942 |
_2ddc _cBK |
||
| 999 |
_c7144 _d7144 |
||